00260 a2200121 450000100060000008200140000610000200002024500250004025000080006526000280007330000100010150000270011185501 a658.1 COL aDavid Collinson aLeadership (Vol-III) a1st aLos AngelesbSAGEc2011 a389p. aDOS BS Reference Books